Qui a dit cette réplique Marvel #16 - Statistiques

Statistiques générales
  • Ce quiz a été pris 368 fois
    165 depuis la dernière actualisation
  • Le résultat moyen est 10 sur 17
Statistiques - réponses
Hint Réplique Personnage % Correct
4 Vision nous sommes vraiment un couple pas comme les autres. La sorcière rouge (Wanda Maximoff)
94%
8 Je suis inéluctable ! Thanos
92%
5 Euh Quill, tu fais exprès de prendre une grosse voix? Rocket
89%
16 Ne crains rien mon frère. Un jour nous reverrons le soleil. Loki
85%
9 Et je ne vois devant moi qu'un vieux fou ! Thor
85%
14 Je n'ai rien de prévu demain soir. Captain America (Steve Rogers)
79%
3 La rumeur prétend que je me balade déguiser en super héros. Iron man (Tony Stark)
78%
17 Et même si ils ne sont plus là, je m'efforce toujours de devenir meilleure. Black Widow (Natasha Romanoff)
76%
1 Les rêves sont des fenêtres vers la vie de nos moi du multivers. Doctor Strange (Steven Strange)
54%
2 Nous on est une famille. Drax
54%
7 Quelle surprise ma petite soeur est venue me rendre visite juste avant le jour J. Black panther (T'Challa)
48%
15 Les humains contemplait le ciel et voyait de l'espoir. Ultron
45%
10 Je connais des formules magiques qui fonctionne hyper bien et elle commence tous par s'il vous plait ! MJ
35%
12 Votre guerre je ne vais pas la faire, je vais y mettre un terme. Captain Marvel (Carole Danvers)
31%
13 Je veux faire passer Iron man pour une antiquité. Justin Hammer
16%
6 Vous avez littéralement trahi vos semblables à chaque fois que c'était possible. Mobius
15%
11 On pourrait être raisonnable. Ou bien... Katy Chen
2%
Aucun quiz correspondant
Distribution des résultats
% des personnes avec chaque résultat
Percentile par nombre de réponses
Votre historique - résultats
Vous n’avez pas pris ce quiz depuis la dernière actualisation